Cities in the World with the Worst Traffic Congestion - Statistics

General Stats
  • This quiz has been taken 71 times
  • The average score is 14 of 27
Answer Stats
Rank Congestion Level Region Answer % Correct
8 56% Asia New Delhi
90%
4 65% Asia Mumbai
89%
13 52% Americas Mexico City
82%
6 59% Europe Moscow
80%
11 53% Asia Bangkok
79%
19 46% Americas Rio de Janeiro
79%
22 45% Americas Sao Paulo
79%
10 53% Asia Jakarta
77%
2 71% Asia Manila
75%
9 55% Asia Istanbul
69%
3 68% Americas Bogota
64%
16 49% Europe Saint Petersburg
64%
12 53% Europe Kiev
59%
7 57% Americas Lima
59%
1 71% Asia Bengaluru
57%
27 43% Europe Athens
52%
24 44% Americas Santiago
49%
14 52% Europe Bucharest
46%
5 59% Asia Pune
21%
26 43% Europe Kharkiv
15%
18 47% Europe Odessa
15%
15 50% Americas Recife
15%
25 43% Americas Salvador
13%
17 48% Europe Dublin
10%
20 46% Asia Tel Aviv
10%
21 45% Asia Novosibirsk
3%
23 44% Europe Samara
3%
No matching quizzes found
Score Distribution
Percent of People with Each Score
Percentile by Number Answered
Your Score History
You have not taken this quiz